| 000 | 00942nam a2200229 u 4500 | ||
|---|---|---|---|
| 005 | 20231128063949.0 | ||
| 008 | 150227s2001 r 000 0 eng d | ||
| 020 | _a9701863194 | ||
| 035 | _aUPN01000202155 | ||
| 049 | _aLTG | ||
| 050 | 4 |
_aLB2001 A1 _bA3.62 |
|
| 245 | 1 | 0 |
_aAdquisición y desenvolvimiento del lenguaje I y II : _bprogramas y materiales de apoyo para el estudio : Licenciatura en Educación Preescolar Segundo y tecer semestres. |
| 260 |
_aMéxico : _bSEP, _c2001. |
||
| 300 | _a151 p. | ||
| 440 | 0 | _aPrograma para la Transformación y el Fortalecimiento Académicos de las Escuelas Normales | |
| 650 | 4 |
_aEducación _xInvestigación _zMéxico _99022 |
|
| 650 | 4 |
_aEducación _xEstudio y enseñanza _zMéxico _915622 |
|
| 650 | 4 |
_aEducación superior _zMéxico _xPlanes y programas _91547 |
|
| 650 | 4 |
_aNiños _xLenguaje _95709 |
|
| 710 | 1 |
_aMéxico. _bSubsecretaría de Educación Básica y Normal _927954 |
|
| 905 | _aLibro | ||
| 999 |
_c174256 _d174256 |
||